00436 2200181 4500001002100000005001500021035002000036008004100056245004600097100001500143250000600158260003400164300001200198084001400210082000800224650001000232990001200242INLIS00000000000019220240711085735 a0010-0424000168240711 1 ind 1 aJimmy Coates : Misi Sabotase /cJoe Craig aCraig, Joe a1 aSolo :bTiga Serangkai,c2010 a282 hlm a800 JOE j a800 4aFiksi a0732462